00950 2200325 4500001002100000005001500021035002000036007000300056040001600059245008000075250001900155300004100174020002200215041000800237090001900245264003700264336002100301337003000322338002300352650003900375850001000414008004100424700003800465504002500503082000800528990002200536990002200558990002200580990002200602INLIS00000000000438620260526113800 a0010-0122000018ta aSBUPADbind aAplikasi Excel untuk Perhitungan Keuangan Syariah /cEditor, Arie Purbawati aEd. 1, Cet. 25 aviii, 200 hal. :billus. ;c16x23 cm a978-979-29-5268-10 aind a005 FAU j L1-8 aYogyakarta :bANDI OFFSET,c2016 2rdacontentaTeks 2rdamediaaTanpa Perantara 2rdacarrieraVolume 4aKomputer Aplikasi Keuangan Syariah aPUPAD260526 0 0 aEditor, Arie PurbawatiePengarang abibliografi, hlm 197 a005 a27.571/H/DPK/2018 a27.574/H/DPK/2018 a27.573/H/DPK/2018 a27.572/H/DPK/2018